| 000 | 01636cam a22003857a 4500 | ||
|---|---|---|---|
| 003 | CHAP | ||
| 005 | 20220329140329.0 | ||
| 008 | 971013s1971 r 00010 d | ||
| 010 | _a50508 | ||
| 011 | _a51480 | ||
| 035 | _a55630 | ||
| 040 | _cCHAP | ||
| 082 |
_a581.13 _bS3 |
||
| 100 | 0 | 0 |
_aSamish, R. M. _9101911 |
| 245 | 0 | _aRecent advences in plant nutrition | |
| 260 |
_aNew York : _bGordon and Breach Science, _c1971 |
||
| 300 |
_a2v. _b: ilus. ; gráfs. |
||
| 490 | 0 |
_aProceedings of previous Colloquia on plant analysis and Fertilizer Problems _v; 6 |
|
| 590 |
_aBATCH-UPD _b10 _c20130110 _lUCH01 _h0506 |
||
| 590 |
_aBATCH-UPD _b10 _c20130410 _lUCH01 _h0143 |
||
| 590 |
_aBATCH-UPD _b10 _c20130914 _lUCH01 _h1918 |
||
| 590 |
_aCONVERSION _b10 _c20130109 _lUCH01 _h1327 |
||
| 650 | 1 | 4 |
_aPlantas _xNutrición. _988874 |
| 830 | 0 |
_aProceedings of previous Colloquia on plant analysis and Fertilizer Problems _v; 6 _991722 |
|
| 901 | _aBK | ||
| 942 | _cLIBRO | ||
| 949 |
_a581.13 S3 _bBC _cLIBRO _d33724000512430 _eLIBRO _fv.1 _h38404 _i55630 _si |
||
| 949 |
_a581.13 S3 _bBC _cLIBRO _d33724000512513 _eLIBRO _fv.2 c.2 _h40735 _i55630 _si |
||
| 949 |
_a581.13 S3 _bBC _cLIBRO _d33724000512554 _eLIBRO _fv.1 c.3 _h41091 _i55630 _si |
||
| 949 |
_a581.13 S3 _bBC _cLIBRO _d33724000512620 _eLIBRO _fv.2 c.4 _h56563 _i55630 _si |
||
| 949 |
_a581.13 S3 _bBC _cLIBRO _d33724000512638 _eLIBRO _fv.1 c.2 _h40734 _i55630 _sm |
||
| 949 |
_a581.13 S3 _bBC _cLIBRO _d33724000512646 _eLIBRO _fv.2 _h38405 _i55630 _si |
||
| 949 |
_a581.13 S3 _bBC _cLIBRO _d33724000512653 _eLIBRO _fv.1 c.4 _h56262 _i55630 _si |
||
| 949 |
_a581.13 S3 _bBC _cLIBRO _d33724000512661 _eLIBRO _fv.2 c.3 _h41092 _i55630 _sb |
||
| 999 |
_c50508 _d50508 |
||